00551 2200205 4500001002100000005001700021008004100038035002400079082001000103090001800113245004100131260007600172300001800248650001400266850002100280980001400301985000600315986000900321999001500330YOGYA-0209000004278420090227025911.0 ind  0010-020900000042784 a327.2 a327.2bTenlT aTENTANG perundingan Tiongkok-Amerika aJakartabKeduataan Besar Republik Rakyat Tiongkok di Indonesiac[19..?] a28 hlmc19 cm aDiplomasi aYOPDYOG [TRM 29] a18-8-2007 a1 aRuni a07A0025596